Statistics for People by Picture - M

Click here to take the quiz!

General Stats

  • This quiz has been taken 616 times
  • The average score is 13 of 18

Answer Stats

Answer% Correct
Michael Jackson
97%
Michelle Obama
95%
Martin Luther King, Jr.
92%
Muhammad Ali
92%
Marilyn Monroe
90%
Margaret Thatcher
88%
Madonna
83%
Michael Jordan
83%
Mariah Carey
81%
Michael Phelps
77%
Miley Cyrus
74%
Mark Wahlberg
69%
Mark Twain
67%
Mila Kunis
67%
Megan Fox
59%
Michelangelo
56%
Martin Van Buren
38%
Mae West
29%

Score Distribution

Percentile by Number Answered

Percent of People with Each Score

Your Score History

You have not taken this quiz